Countries Bordering Kazakhstan With a Map - Statistics

General Stats
  • This quiz has been taken 231 times
  • The average score is 5 of 5
Answers on the Map
Answers color-coded by a green-red scale on the quiz's map according to % correct below.
 
Answer Stats
Answer % Correct
Russia
99%
Uzbekistan
98%
Turkmenistan
97%
China
96%
Kyrgyzstan
95%
No matching quizzes found
Score Distribution
Percent of People with Each Score
Percentile by Number Answered
Your Score History
You have not taken this quiz